000 00332nam a2200097Ia 4500
008 220120s9999||||xx |||||||||||||| ||und||
100 _aBipin, K.V and Giritej, N
_912286
245 0 _aGSM based smart sensor for industrial automatic fault diogon
260 _aCoorg Institute of Technology
_bPonnampet
_c2007
650 _aCOMPUTER SCIENCE
999 _c137872
_d137872